La cautela en el proceso civil peruano
Salvato in:
| Autori principali: | , |
|---|---|
| Natura: | Libro |
| Lingua: | spagnolo |
| Pubblicazione: |
Lima
Gráfica Horizonte
2000
|
| Edizione: | 1a. ed |
| Soggetti: | |
| Tags: |
Aggiungi Tag
Nessun Tag, puoi essere il primo ad aggiungerne!!
|
MARC
| LEADER | 00000cam a2200000 a 4500 | ||
|---|---|---|---|
| 001 | UCD6775 | ||
| 003 | CL-VaPUC | ||
| 008 | 170119e20000000pe |||||||||||||||||spa|d | ||
| 082 | 0 | 4 | |a 346.85 |b MON |2 21 |
| 100 | |a Montenegro Cannon, Marcela |e autora |9 590591 | ||
| 700 | 0 | |a Fernández Montenegro, José Martín |e author |9 590592 | |
| 245 | 1 | 3 | |a La cautela en el proceso civil peruano |
| 250 | |a 1a. ed | ||
| 300 | |a 660 p | ||
| 942 | |c BK | ||
| 945 | |d 20170119 14:29:00 |a dcastane | ||
| 260 | |a Lima |b Gráfica Horizonte |c 2000 | ||
| 650 | 0 | |a Derecho civil |9 255013 | |
| 650 | 0 | |a Código civil peruano |9 481461 | |
| 650 | 0 | |a Historia del derecho peruano |9 428503 | |
| 583 | |a last modification |c 20170119 14:29:00 |k Rodrigo Vera | ||
| 999 | |c 366957 |d 366955 | ||
| 952 | |0 0 |1 0 |3 erb |4 0 |6 346_850000000000000_MON_2000 |7 0 |8 A |9 481629 |a BIBDER |b BIBDER |i 536051K |o 346.85 MON 2000 |p 536051K |r 2023-01-25 |w 2019-11-24 |y BK |z Catalogado en:20170119 |k DER | ||